Voda pre ozdravenie klímy - Nová vodná paradigma

Salvato in:
Dettagli Bibliografici
Autore principale: Kravčík, Michal
Altri autori: Pokorný, Jan, Kohutiar, Juraj
Natura: Libro
Lingua:slovacco
Pubblicazione: [Košice] [MVO Ľudia a voda] 2007
Soggetti:
Tags: Aggiungi Tag
Nessun Tag, puoi essere il primo ad aggiungerne!!

MARC

LEADER 00000nam a2200000 4500
001 0166455
005 20230220124528.3
020 |a 978-80-969766-5-2 
041 0 |a slo 
044 |a SK 
245 1 0 |a Voda pre ozdravenie klímy - Nová vodná paradigma  |c M. Kravčík ... [et al.] 
264 1 |a [Košice]  |b [MVO Ľudia a voda]  |c 2007 
300 |a 93 s. 
610 2 0 |a voda 
610 2 0 |a voda povrchová 
610 2 0 |a voda podzemná 
610 2 0 |a toky vodné 
610 2 0 |a energia tepelná 
610 2 0 |a podnebie 
610 2 0 |a energia slnečná 
610 2 0 |a pôda poľnohospodárska 
610 2 0 |a lesy 
610 2 0 |a ekológia krajiny 
610 2 0 |a prostredie krajinné 
610 2 0 |a prostredie prírodné 
610 2 0 |a mestá 
610 2 0 |a zmeny klimatické 
100 1 |a Kravčík, Michal 
700 1 |a Pokorný, Jan 
700 1 |a Kohutiar, Juraj